000
00319nam a2200121Ia 4500
008
220204s9999 xx 000 0 und d
082
_a
681.31WOR
_b
STU;1
100
_a
Stultz, Dianne
245
0
_a
Illustrated wordstar professional release 5
260
_a
Delhi
_b
Jaico
_c
1990
700
_a
Stultz, Russell
942
_c
BK
999
_c
40621
_d
40621